Physical activity towards health and fitness : basketball / Meynardo L. Ballecer [and three others]. (Record no. 21332)

000 -LEADER
fixed length control field 00641nam a22001817a 4500
020 ## - INTERNATIONAL STANDARD BOOK NUMBER
ISBN 9786214092437
082 ## - DEWEY DECIMAL CLASSIFICATION NUMBER
Classification number 796.323
Item number B191 2024
100 ## - MAIN ENTRY--AUTHOR NAME
Personal name Ballecer, Meynardo L., author.
245 ## - TITLE STATEMENT
Title Physical activity towards health and fitness : basketball / Meynardo L. Ballecer [and three others].
260 ## - PUBLICATION, DISTRIBUTION, ETC. (IMPRINT)
Place of publication Mandaluyong City :
Name of publisher Books Atbp. Publishing Corp.,
Year of publication ©2024.
300 ## - PHYSICAL DESCRIPTION
Number of Pages ix, 180 pages :
Other physical details illustrations ; 26 cm
500 ## - GENERAL NOTE
General note Includes bibliographical references.
650 ## - SUBJECT ADDED ENTRY--TOPICAL TERM
Topical Term Basketball.
650 ## - SUBJECT ADDED ENTRY--TOPICAL TERM
Topical Term Basketball -- Rules.
650 ## - SUBJECT ADDED ENTRY--TOPICAL TERM
Topical Term Basketball -- Study and teaching.
650 ## - SUBJECT ADDED ENTRY--TOPICAL TERM
Topical Term Basketball -- Training.
942 ## - ADDED ENTRY ELEMENTS (KOHA)
Koha item type Books
Holdings
Source of acquisition Permanent Location Date acquired Koha item type Collection code Accession Number Lost status Shelving location Withdrawn status Current Location Full call number
SchoolCagayan State University - Carig Library2025-09-03BooksArts & Recreation011150 General Collection Cagayan State University - Carig Library796.323 B191 2024
SchoolCagayan State University - Carig Library2025-09-03BooksArts & Recreation011151 General Collection Cagayan State University - Carig Library796.323 B191 2024
SchoolCagayan State University - Carig Library2025-09-03BooksArts & Recreation011152 General Collection Cagayan State University - Carig Library796.323 B191 2024

Cagayan State University University Library, Carig Campus
Tuguegarao City, Cagayan 3500 | www.csucarig.edu.ph

Powered by Koha